The London almanack for the year of our Lord 1694 : for the year of the world 5644 and of Their Majesties reign, 6 ... /

Bibliographic Details
Main Author: Salmon, William, 1644-1713
Format: Microform Book
Language:English
Series:Early English books, 1641-1700 ; 1299:7.
Subjects:

MARC

Tag First Indicator Second Indicator Subfields
LEADER 00000cam a2200000 a 4500
001 in00000888024
005 20150923145521.0
007 hd afv---baca
007 hz bfv---baaa
008 830303s1694 miu a 00010 eng d
035 |a (OCoLC)09275867 
035 |9 AEL7533AM 
037 |a CL0037000044  |b University Microfilms International 
037 |b University Microfilms International, 300 N. Zeeb Rd., Ann Arbor, MI 48106 
040 |a UMI  |c UMI  |d m/c  |d UtOrBLW 
045 0 |b d1694 
049 |a TXAI 
090 |a AY751.S24  |b L66 1694 
099 |a film   |a  B   |a  3609 
100 1 |a Salmon, William,  |d 1644-1713. 
245 1 4 |a The London almanack for the year of our Lord 1694 :  |b for the year of the world 5644 and of Their Majesties reign, 6 ... /  |c by William Salmon. 
264 3 |a London :  |b Printed by W. Horton for the Company of Stationers,  |c 1694. 
300 |a 45 unnumbered pages 
336 |a text  |b txt  |2 rdacontent 
337 |a microform  |b h  |2 rdamedia 
338 |a microfilm reel  |b hd  |2 rdacarrier 
500 |a "Dedicated to the Kings Most Excellent Majesty." 
500 |a Reproduction of original in the Bodleian Library. 
510 4 |a Wing  |c A2318. 
533 |a Microfilm.  |b Ann Arbor, Mich. :  |c University Microfilms International,  |d 1982.  |e 1 microfilm reel ; 35 mm.  |f (Early English books, 1641-1700 ; 1299:7) 
500 |a Microform. 
650 0 |a Almanacs, English. 
830 0 |a Early English books, 1641-1700 ;  |v 1299:7. 
999 |a MARS 
999 f f |s 90851deb-c2ec-3a9b-bbaa-e3cd6eef97a1  |i ef9cfce8-b5d3-3da8-83f8-6ad926a1e3c2  |t 0 
952 f f |p default  |a Texas A&M University  |b College Station  |c Sterling C. Evans Library  |d Evans: Microforms (3rd floor)  |t 0  |e film B 3609 1299:7  |h Other scheme  |i microform -- microfilm reel 
998 f f |a film B 3609 1299:7  |t 0  |l Evans: Microforms (3rd floor)